00820 a2200229 4500003000500000005001700005010001700022020002500039040000900064082001400073100003000087245007600117250001300193260004300206300000900249505013000258650002300388650002500411942001200436999001900448952012300467Nust20230321120859.0 a 2009035734 a9780273723950 (pbk.) cNust00a657.2,CRO1 aCropper, Cuthbert911082410aBook-keeping and accounts :ca textbook for students /bCuthert Cropper a18th ed. aNew York :bMacdonald and evansc1945. a946p0 aElementary (Page-1), Elementary Practical Book Keeping (Page-21), Practical Accounting (Page-206), Examinations (Page-600).  0aAccounting.914627 0aBookkeeping.9110825 2ddccBK c185931d185931 00102ddc4070aMCSbMCScGENd2016-12-12o657.2,CROpMCS29991r2016-12-08w2016-12-12yBKzAlmirah No.75, Shelf No.1